000 00559nam a2200169 a 4500
001 000017412
005 20221027122926.0
008 100324s2002 dr ac 001 0 spa d
040 _aDO-SdBNP
_bspa
_cBNPHU
082 _axxxx
_bP438g
100 1 _aPérez Terreno, Juan
_938101
245 1 0 _aGráficas y relatos de la Revolución de Abril de 1965 /
_cJuan Pérez Terreno ; prólogo Rafael Fafa Taveras.
260 _aSanto Domingo :
_bcollado,
_c2002.
300 _a160 p. :
_bil., retrs. ;
_c15 cm.
700 1 _aTaveras, Rafael
_epról.
_973924
049 _aBNPD
999 _c16937
_d16937